000
00338 a2200157 4500
001
58160
020
_a
8522002657
040
_c
Anchieta - Pituba
100
_a
Suassuna, Adriano
240
1
0
_a
Auto da compadecida
_l
por
245
1
0
_a
Auto da compadecida
300
_a
203
362
0
_a
2004
650
4
_a
Drama brasileiro
942
_c
BK
999
_c
58160
_d
58160